FUT: fondo de utilidades tributables

Saved in:
Bibliografiske detaljer
Hovedforfatter: Catrilef Epuyao, Luis (Author)
Format: Bog
Sprog:spansk
Udgivet: Santiago Legal Publishing Chile 2010
Udgivelse:4a. ed
Fag:
Tags: Tilføj Tag
Ingen Tags, Vær først til at tagge denne postø!

MARC

LEADER 00000nam a2200000 a 4500
001 UCG3812
003 CL-VaPUC
008 100916e20100600CL |||||||||||||||||spa|d
020 |a 9789562389075 
082 0 4 |a 336.2  |b CAT  |2 21 
100 |a Catrilef Epuyao, Luis  |e author  |9 590488 
245 1 0 |a FUT: fondo de utilidades tributables 
250 |a 4a. ed 
300 |a 252 p 
942 |c BK 
945 |d 20100916 00:00:00  |a mfarfan 
260 |a Santiago  |b Legal Publishing Chile  |c 2010 
650 0 |a Impuesto a la renta  |9 258171 
650 0 |a Tributación   |9 258429 
650 7 |a SOCIEDAD ANONIMA  |2 CL-VaPUC  |9 430900 
650 0 |a Derecho tributario  |9 258895 
583 |a last modification  |c 20100916 00:00:00  |k Rodrigo Vera 
999 |c 342788  |d 342786 
952 |0 0  |1 0  |4 0  |6 336_200000000000000_CAT_2010  |7 0  |8 R  |9 439320  |a BIBGIM  |b BIBGIM  |d 2019-11-22  |i 4719840  |o 336.2 CAT 2010  |p 4719840  |r 2025-01-15  |w 2019-11-22  |y BK_R  |k COM